[Event "Titled Tuesday intern op 10th Jan Early"]
[Site "Chess.com INT"]
[Date "2023.01.10"]
[Round "5"]
[White "Marn, Jan"]
[Black "Srebrnic, Marko"]
[Result "0-1"]
[WhiteElo "2359"]
[BlackElo "2366"]
[PlyCount "94"]
[EventDate "2023.01.10"]
[EventType "swiss (blitz)"]
[EventRounds "11"]
[EventCountry "USA"]
[SourceTitle "EXT 2024"]
[Source "ChessBase"]
[SourceDate "2023.10.10"]
[SourceVersion "1"]
[SourceVersionDate "2023.10.10"]
[SourceQuality "1"]

1. d4 Nf6 2. Nf3 d6 3. c4 g6 4. g3 Bg7 5. Bg2 0-0 6. Nc3 Nbd7 7. 0-0 a6 8. e4 e5 9. Re1 exd4 10. Nxd4 Ng4 11. Qxg4 Bxd4 12. Qd1 Bg7 13. Be3 Ne5 14. Qb3 Bg4 15. h3 Bf3 16. Nd5 Qd7 17. Bf4 Bxg2 18. Kxg2 Rae8 19. Bh6 c6 20. Bxg7 Kxg7 21. Nb6 Qe7 22. f4 Nd7 23. Nxd7 Qxd7 24. Qc3+ f6 25. Rad1 Re6 26. f5 Re5 27. Re3 Rfe8 28. Rde1 Qe7 29. Kf3 gxf5 30. exf5 Rxf5+ 31. Kg2 Re5 32. Rxe5 fxe5 33. Re4 Rf8 34. Rg4+ Kh8 35. Qe3 Qf6 36. Qe2 d5 37. cxd5 cxd5 38. Rh4 e4 39. Rh5 d4 40. h4 e3 41. Rd5 Qc6 42. Qh5 Rf2+ 43. Kh3 Qe6+ 44. g4 Rf3+ 45. Kg2 Qe4 46. Rxd4 Rf2+ 47. Kg3 Qf3# 0-1

[Event "Titled Tuesday intern op 10th Jan Early"]
[Site "Chess.com INT"]
[Date "2023.01.10"]
[Round "3"]
[White "Srebrnic, Marko"]
[Black "Guo, Josh"]
[Result "1-0"]
[WhiteElo "2366"]
[BlackElo "2112"]
[PlyCount "93"]
[EventDate "2023.01.10"]
[EventType "swiss (blitz)"]
[EventRounds "11"]
[EventCountry "USA"]
[SourceTitle "EXT 2024"]
[Source "ChessBase"]
[SourceDate "2023.10.10"]
[SourceVersion "1"]
[SourceVersionDate "2023.10.10"]
[SourceQuality "1"]

1. e4 c5 2. Nf3 d6 3. d4 cxd4 4. Nxd4 Nf6 5. Nc3 a6 6. Bc4 e6 7. 0-0 Be7 8. f4 Qc7 9. Bb3 0-0 10. f5 e5 11. Nde2 Nbd7 12. Bg5 b5 13. Ng3 Bb7 14. Bxf6 Nxf6 15. Nh5 b4 16. Nxf6+ Bxf6 17. Nd5 Qc5+ 18. Kh1 Bxd5 19. Qxd5 Qxd5 20. Bxd5 Rac8 21. Bb3 Bg5 22. Rf3 Rc7 23. Rd1 Rd8 24. Rfd3 Rc6 25. Kg1 Kf8 26. Kf2 Ke7 27. g3 h5 28. h4 Bh6 29. Rd5 g6 30. fxg6 fxg6 31. Ke2 Rc5 32. Rxc5 dxc5 33. Rxd8 Kxd8 34. Bf7 g5 35. hxg5 Bxg5 36. Bxh5 Ke7 37. Kd3 Kd6 38. Kc4 Kc6 39. Be8+ Kd6 40. Bf7 Bc1 41. b3 Be3 42. Bd5 Kc7 43. g4 Kb6 44. Ba8 Bg5 45. Kd5 Bf4 46. Bc6 a5 47. Be8 1-0

[Event "Titled Tuesday intern op 10th Jan Early"]
[Site "Chess.com INT"]
[Date "2023.01.10"]
[Round "9"]
[White "Srebrnic, Marko"]
[Black "Orozbaev, Eldiar"]
[Result "0-1"]
[WhiteElo "2366"]
[BlackElo "2266"]
[PlyCount "42"]
[EventDate "2023.01.10"]
[EventType "swiss (blitz)"]
[EventRounds "11"]
[EventCountry "USA"]
[SourceTitle "EXT 2024"]
[Source "ChessBase"]
[SourceDate "2023.10.10"]
[SourceVersion "1"]
[SourceVersionDate "2023.10.10"]
[SourceQuality "1"]

1. e4 e6 2. d4 d5 3. Nc3 Nf6 4. Bg5 dxe4 5. Nxe4 Be7 6. Bxf6 gxf6 7. Nf3 f5 8. Ng3 h5 9. h4 c5 10. Bb5+ Bd7 11. Qe2 Qa5+ 12. c3 Qxb5 13. Qe5 f6 14. Qf4 Nc6 15. 0-0-0 cxd4 16. cxd4 Nb4 17. Kb1 Qc4 18. a3 Qa2+ 19. Kc1 Rc8+ 20. Kd2 Qxb2+ 21. Ke1 Nd5 0-1

[Event "Titled Tuesday intern op 27th Dec Early"]
[Site "Chess.com INT"]
[Date "2022.12.27"]
[Round "9"]
[White "Belozerov, Andrei"]
[Black "Srebrnic, Marko"]
[Result "1-0"]
[WhiteElo "2460"]
[BlackElo "2372"]
[PlyCount "75"]
[EventDate "2022.12.27"]
[EventType "swiss (blitz)"]
[EventRounds "11"]
[EventCountry "USA"]
[SourceTitle "EXT 2024"]
[Source "ChessBase"]
[SourceDate "2023.10.10"]
[SourceVersion "1"]
[SourceVersionDate "2023.10.10"]
[SourceQuality "1"]

1. d4 Nf6 2. c4 g6 3. g3 d6 4. Bg2 Bg7 5. Nf3 0-0 6. 0-0 Nbd7 7. Nc3 a6 8. h3 e5 9. Qc2 Qe7 10. e4 b5 11. cxb5 axb5 12. Bg5 c6 13. Rfd1 h6 14. Be3 b4 15. dxe5 Nxe5 16. Nxe5 Qxe5 17. Na4 Nxe4 18. Bd4 Qb5 19. Bxg7 Kxg7 20. Bxe4 Qxa4 21. Qxa4 Rxa4 22. Bxc6 Ra6 23. Bb5 Ra5 24. Bf1 Be6 25. Rxd6 Rc8 26. Rd4 Rc2 27. Rxb4 Rf5 28. Bd3 Rfxf2 29. Bxc2 Rxc2 30. a4 Bd5 31. Ra3 g5 32. a5 h5 33. a6 f5 34. a7 Ba8 35. Rb8 Rc1+ 36. Kf2 Rc2+ 37. Ke1 Bf3 38. a8Q 1-0

[Event "Titled Tuesday intern op 27th Dec Early"]
[Site "Chess.com INT"]
[Date "2022.12.27"]
[Round "1"]
[White "Gorodetzky, David"]
[Black "Srebrnic, Marko"]
[Result "1-0"]
[WhiteElo "2495"]
[BlackElo "2372"]
[PlyCount "70"]
[EventDate "2022.12.27"]
[EventType "swiss (blitz)"]
[EventRounds "11"]
[EventCountry "USA"]
[SourceTitle "EXT 2024"]
[Source "ChessBase"]
[SourceDate "2023.10.10"]
[SourceVersion "1"]
[SourceVersionDate "2023.10.10"]
[SourceQuality "1"]

1. Nf3 Nf6 2. g3 g6 3. Bg2 Bg7 4. d4 0-0 5. c4 d6 6. 0-0 Nbd7 7. Nc3 a6 8. e4 e5 9. h3 b5 10. a3 bxc4 11. dxe5 Nxe5 12. Nxe5 dxe5 13. Qa4 Be6 14. Be3 Qb8 15. Nd5 Bxd5 16. exd5 e4 17. Qxc4 Qxb2 18. Rab1 Qe5 19. Rfd1 Rfc8 20. Rbc1 Nh5 21. d6 cxd6 22. Qxc8+ Rxc8 23. Rxc8+ Bf8 24. Bh6 Ng7 25. Rb1 d5 26. Rbb8 Qd6 27. Rxf8+ Qxf8 28. Rxf8+ Kxf8 29. Bf1 a5 30. Bb5 f5 31. Bc6 d4 32. Bd5 d3 33. Kf1 g5 34. Ke1 f4 35. gxf4 gxf4 1-0

[Event "Titled Tuesday intern op 27th Dec Early"]
[Site "Chess.com INT"]
[Date "2022.12.27"]
[Round "6"]
[White "Oro, Faustino"]
[Black "Srebrnic, Marko"]
[Result "0-1"]
[WhiteElo "2182"]
[BlackElo "2372"]
[PlyCount "108"]
[EventDate "2022.12.27"]
[EventType "swiss (blitz)"]
[EventRounds "11"]
[EventCountry "USA"]
[SourceTitle "EXT 2024"]
[Source "ChessBase"]
[SourceDate "2023.10.10"]
[SourceVersion "1"]
[SourceVersionDate "2023.10.10"]
[SourceQuality "1"]

1. Nf3 Nf6 2. g3 g6 3. Bg2 Bg7 4. 0-0 0-0 5. d4 d6 6. Nc3 Nc6 7. e4 e5 8. dxe5 Nxe5 9. Nd4 Re8 10. Re1 c6 11. h3 Qb6 12. Nb3 Nc4 13. Qd3 d5 14. Be3 Nxe3 15. Rxe3 Nxe4 16. Nxe4 dxe4 17. Rxe4 Bf5 18. Rxe8+ Rxe8 19. Qc4 Bxb2 20. Rd1 h5 21. Nc5 Bg7 22. g4 hxg4 23. hxg4 Bxg4 24. Na4 Bxd1 25. Nxb6 axb6 26. Qd3 Bg4 27. Bf1 Bf5 28. Qb3 b5 29. a4 bxa4 30. Qxa4 b5 31. Qa6 Be4 32. Qb7 Re5 33. Qb8+ Kh7 34. f4 Rh5 35. Kf2 Bd4+ 36. Kg3 Rh1 37. Be2 Rg1+ 38. Kh3 Rg2 39. Bg4 Rf2 40. Kh4 Bf6+ 41. Kh3 Rxc2 42. Kg3 Bd5 43. Qc7 Rc3+ 44. Kh2 Kg7 45. Bh3 Rc2+ 46. Kg3 Rc3+ 47. Kh2 Re3 48. Qd7 Re7 49. Qc8 Re2+ 50. Kg3 Re3+ 51. Kh2 Rf3 52. Qg4 Rf2+ 53. Kg1 Bd4 54. Qh4 Rxf4+ 0-1

[Event "Titled Tuesday intern op 27th Dec Early"]
[Site "Chess.com INT"]
[Date "2022.12.27"]
[Round "8"]
[White "Srebrnic, Marko"]
[Black "McCoy, Owen"]
[Result "1-0"]
[WhiteElo "2372"]
[BlackElo "2085"]
[PlyCount "99"]
[EventDate "2022.12.27"]
[EventType "swiss (blitz)"]
[EventRounds "11"]
[EventCountry "USA"]
[SourceTitle "EXT 2024"]
[Source "ChessBase"]
[SourceDate "2023.10.10"]
[SourceVersion "1"]
[SourceVersionDate "2023.10.10"]
[SourceQuality "1"]

1. e4 c5 2. Nf3 d6 3. d4 cxd4 4. Nxd4 Nf6 5. Nc3 a6 6. Bc4 e6 7. 0-0 Qc7 8. Bb3 Nc6 9. Kh1 Na5 10. g4 b5 11. g5 Nd7 12. Bxe6 fxe6 13. Nxe6 Qc6 14. Nd5 Ra7 15. Nd4 Qa8 16. Be3 Nc5 17. Qh5+ g6 18. Nf6+ Kd8 19. Qh4 Rf7 20. b4 Nxe4 21. Qxe4 Qxe4+ 22. Nxe4 Bb7 23. f3 Nc4 24. Ne6+ Kd7 25. Bd4 Rg8 26. Nxf8+ Rgxf8 27. Nf6+ Kc7 28. Kg2 Re7 29. Rae1 Rff7 30. Kg3 Na3 31. c3 Nc4 32. f4 Nd2 33. Rxe7+ Rxe7 34. Rf2 Nc4 35. h4 Bc6 36. f5 gxf5 37. h5 Re1 38. Kf4 Rh1 39. Nxh7 Rh4+ 40. Kxf5 Be4+ 41. Kf6 Bxh7 42. h6 Rg4 43. Kg7 Bb1 44. Bf6 Ne3 45. h7 Bxh7 46. Kxh7 Nd5 47. Kg6 Kc6 48. Kf7 Kd7 49. g6 Nf4 50. g7 1-0

[Event "Titled Tuesday intern op 27th Dec Early"]
[Site "Chess.com INT"]
[Date "2022.12.27"]
[Round "2"]
[White "Srebrnic, Marko"]
[Black "Tinmaz, Kerem"]
[Result "1-0"]
[WhiteElo "2372"]
[BlackElo "2253"]
[PlyCount "41"]
[EventDate "2022.12.27"]
[EventType "swiss (blitz)"]
[EventRounds "11"]
[EventCountry "USA"]
[SourceTitle "EXT 2024"]
[Source "ChessBase"]
[SourceDate "2023.10.10"]
[SourceVersion "1"]
[SourceVersionDate "2023.10.10"]
[SourceQuality "1"]

1. e4 c5 2. Nf3 e6 3. d4 cxd4 4. Nxd4 a6 5. g3 Qc7 6. Bg2 Nc6 7. 0-0 Nf6 8. Re1 Nxd4 9. Qxd4 Bc5 10. Qd1 d6 11. Nc3 b5 12. Bg5 Bb7 13. Bxf6 gxf6 14. Qh5 Bd4 15. Rad1 Bxc3 16. bxc3 Qxc3 17. e5 Bxg2 18. exd6 Bf3 19. Rxe6+ Kf8 20. Qh6+ Kg8 21. d7 1-0

[Event "Titled Tuesday intern op 27th Dec Early"]
[Site "Chess.com INT"]
[Date "2022.12.27"]
[Round "11"]
[White "Volkov, Maksim"]
[Black "Srebrnic, Marko"]
[Result "1-0"]
[WhiteElo "2350"]
[BlackElo "2372"]
[PlyCount "73"]
[EventDate "2022.12.27"]
[EventType "swiss (blitz)"]
[EventRounds "11"]
[EventCountry "USA"]
[SourceTitle "EXT 2024"]
[Source "ChessBase"]
[SourceDate "2023.10.10"]
[SourceVersion "1"]
[SourceVersionDate "2023.10.10"]
[SourceQuality "1"]

1. d4 Nf6 2. c4 g6 3. g3 d6 4. Nf3 Bf5 5. Nc3 Ne4 6. Nd5 c6 7. Ne3 Qa5+ 8. Nd2 Bg7 9. Bg2 Bxd4 10. Nxf5 gxf5 11. Bxe4 fxe4 12. 0-0 e3 13. Nb3 exf2+ 14. Kg2 Qh5 15. Qxd4 Rg8 16. Rxf2 Nd7 17. Bd2 Rg4 18. Qe3 Ne5 19. c5 0-0-0 20. cxd6 exd6 21. Qxa7 Rdg8 22. Qa8+ Kd7 23. Qxb7+ Ke6 24. Raf1 f5 25. Bf4 Rxf4 26. Rxf4 Qxe2+ 27. R1f2 Qe3 28. Nd4+ Kd5 29. Qb3+ Qxb3 30. Nxb3 c5 31. Rxf5 c4 32. Rd2+ Ke4 33. Rf4+ Ke3 34. Rxd6 cxb3 35. Re6 Rg5 36. axb3 Kd3 37. h4 1-0

[Event "SLO-chT3 West"]
[Site "Komenda"]
[Date "2022.12.11"]
[Round "5.2"]
[White "Srebrnic, Marko"]
[Black "Bedic, Slavko"]
[Result "1-0"]
[WhiteElo "2372"]
[BlackElo "1840"]
[PlyCount "43"]
[EventDate "2022.12.09"]
[EventType "team-swiss"]
[EventRounds "5"]
[EventCountry "SLO"]
[SourceTitle "EXT 2024"]
[Source "ChessBase"]
[SourceDate "2023.10.10"]
[SourceVersion "1"]
[SourceVersionDate "2023.10.10"]
[SourceQuality "1"]
[WhiteTeam "Posocje"]
[BlackTeam "Stari Trg ob Kolpi"]
[WhiteTeamCountry "SLO"]
[BlackTeamCountry "SLO"]

1. e4 c5 2. Nf3 Nc6 3. Bb5 Qc7 4. c3 d6 5. 0-0 Bd7 6. d4 cxd4 7. cxd4 Nf6 8. Nc3 g6 9. Bg5 Bg7 10. Re1 0-0 11. e5 dxe5 12. dxe5 Rad8 13. exf6 exf6 14. Be3 Bg4 15. Qa4 Bxf3 16. gxf3 Ne5 17. Be2 Qc8 18. Rad1 Qh3 19. Qf4 h5 20. Qg3 Qc8 21. f4 Nc4 22. Nd5 1-0

[Event "SLO-chT3 West"]
[Site "Komenda"]
[Date "2022.12.09"]
[Round "1.2"]
[White "Srebrnic, Marko"]
[Black "Simicak, Metod"]
[Result "1-0"]
[WhiteElo "2372"]
[BlackElo "1681"]
[PlyCount "47"]
[EventDate "2022.12.09"]
[EventType "team-swiss"]
[EventRounds "5"]
[EventCountry "SLO"]
[SourceTitle "EXT 2024"]
[Source "ChessBase"]
[SourceDate "2023.10.10"]
[SourceVersion "1"]
[SourceVersionDate "2023.10.10"]
[SourceQuality "1"]
[WhiteTeam "Posocje"]
[BlackTeam "Menges Trzin"]
[WhiteTeamCountry "SLO"]
[BlackTeamCountry "SLO"]

1. e4 e5 2. Nc3 Nf6 3. Bc4 Bc5 4. d3 h6 5. f4 d6 6. Nf3 Ng4 7. Qe2 Nc6 8. f5 Bf2+ 9. Kd1 Bc5 10. Rf1 a6 11. a3 b5 12. Bb3 Bb7 13. Nd5 Na5 14. Ba2 c6 15. Nc3 Qb6 16. b4 Bd4 17. Nxd4 Qxd4 18. Bd2 Nxh2 19. Rh1 c5 20. bxa5 b4 21. Rb1 0-0-0 22. axb4 h5 23. Nb5 axb5 24. c3 1-0